|
|
|
|
| LEADER |
00000cam a2200000 7i4500 |
| 001 |
0000000474 |
| 005 |
20000822.0 |
| 020 |
0 |
0 |
|a 0070351228
|
| 090 |
0 |
0 |
|a 634.90681
|b KLE 1996
|
| 100 |
1 |
0 |
|a KLEMPERER
|h W. David
|
| 245 |
1 |
0 |
|a Forest resource economics and finance
|c W. David Klemperer
|
| 260 |
0 |
0 |
|a New York :
|b McGraw Hill ,
|c 1996
|
| 300 |
|
|
|a xxii, 551 p. :
|b ill. ;
|c 25 cm.
|
| 440 |
0 |
0 |
|a McGraw-Hill series in forest resources
|
| 500 |
0 |
0 |
|a Includes bibliographical references and index
|
| 650 |
0 |
0 |
|a Forests and forestry
|x Economic aspects
|
| 650 |
0 |
0 |
|a Forests and forestry
|x Finance
|
| 999 |
|
|
|a 0000001611
|b Monograph
|c Open Shelf
|e Default branch
|